000 00590nam a22002297a 4500
003 UA-OsUOA
001 95124
007 ta
008 20130225b un ||||| |||| 00| 0 ukr d
100 _aЄрьомін Д.
090 _a821.161.1
_bЄ70
942 _cBK
040 _aUA-OsUOA
_bukr
_cUA-OsUOA
_dUA-OsUOA
245 _aПеред стрибком
_bроман
300 _a254 с.
955 _a3
041 _aukr
080 _a821.161.1
260 _aК.
_bМолодь
_c1988
650 7 _a82 Література. Літературознавство
_2UDC
999 _c381368
_d381368